000 00736nam a2200181 a 4500
008 160420s2015 ||||||||||||||||| || u
020 _a9789211012774
050 _aUNO(058)YB/2015
110 _aUnited Nations Organisation (UNO)
245 1 0 _aYearbook of the United Nations 2011, vol. 65
_cby United Nations Organisation [UNO]
260 _aNew York
_bUnited Nations Organisation(UNO)
_c2015
300 _axvii, 1541p.: ill.
500 _aIt includes an index
650 _aDEMOGRAPHY--DEVELOPING COUNTRIES
650 _aSTATISTICAL YEARBOOK
650 _aDEMOGRAPHY--ECONOMIC ASPECTS
995 _FCBU-MAIN LIBRARY (Kitwe)
_M1
_UAVAILABLE
_WApr 21, 2016
_ZAnnex Low-Usage Collection
999 _c62272
_d62272